000 00624cam a2200181 4500500
005 20260222003136.0
041 _afre
042 _adc
100 1 0 _aBerthé, Abdramane
_eauthor
700 1 0 _aKonaté, Blahima
_eauthor
700 1 0 _aSanou, Maïmouna
_eauthor
700 1 0 _aSanou, Lalla
_eauthor
245 0 0 _aPerception de l’utilité des personnes âgées à Bobo-Dioulasso (Burkina Faso)
260 _c2025.
500 _a54
786 0 _nCahiers de l’IREA | 52 | 1 | 2025-02-13 | p. 71-96 | 2492-8267
856 4 1 _uhttps://shs.cairn.info/revue-cahiers-de-l-irea-2025-1-page-71?lang=fr&redirect-ssocas=7080
999 _c1667077
_d1667077